Por el ancho mundo de la propaganda política /

-д хадгалсан:
Номзүйн дэлгэрэнгүй
Үндсэн зохиолч: Ferrer Rodríguez, Eulalio (autor)
Формат: Ном
Хэл сонгох:испани
Хэвлэсэн: México : Eufesa, 1975, c1975
Шошгууд: Шошго нэмэх
Шошго байхгүй, Энэхүү баримтыг шошголох эхний хүн болох!

MARC

LEADER 00000nam^a2200000^a^4500
001 000630023
005 20260407000000.0
009 20260408133321.094
037 |a Acervo ITESO - Biblioteca 
041 |a ESP 
091 |a FOB. 04413 
100 |a Ferrer Rodríguez, Eulalio  |e (autor) 
245 1 0 |a Por el ancho mundo de la propaganda política / 
264 4 |a México :  |b Eufesa,  |c 1975, c1975 
300 |a 1 v. (sin paginación) 
336 |a texto  |b txt  |2 rdacontenido 
337 |a sin mediación  |b n  |2 rdamedio 
338 |a volumen  |b nc  |2 rdasoporte 
649 |a XX 
910 |a Fondo Carlos de Obeso Orendain 
920 |a Impresos - Libros 
930 |a Fondos Especiales 
905 |a 147 
901 |a 630023-10  |b IT2  |c ESP  |i D  |u 20260407 
902 |a https://opac.biblio.iteso.mx/vufind/Record/000630023